Introduction a l'étude de Saint Thomas d'Aquin
Salvato in:
| Autore principale: | |
|---|---|
| Natura: | Libro |
| Lingua: | francese |
| Pubblicazione: |
Montreal
Institut d'Études Médiévales
1954
|
| Edizione: | 2a. ed |
| Serie: | Université de Montréal: publications de l'institut d'études médiévales, 11
|
| Soggetti: | |
| Tags: |
Aggiungi Tag
Nessun Tag, puoi essere il primo ad aggiungerne!!
|
MARC
| LEADER | 00000cam a2200000 a 4500 | ||
|---|---|---|---|
| 001 | UCZ4833 | ||
| 003 | CL-VaPUC | ||
| 008 | 951110e19540000CN |||||||||||||||||fre|d | ||
| 020 | |a 2711601374 | ||
| 082 | 0 | 4 | |a 189.4 |b CHE |2 21 |
| 100 | 0 | |a Chenu, Marie-Dominique |e author |9 348817 | |
| 245 | 1 | 0 | |a Introduction a l'étude de Saint Thomas d'Aquin |
| 250 | |a 2a. ed | ||
| 300 | |a 305 p | ||
| 942 | |c BK | ||
| 945 | |d 19951110 00:00:00 |a lriquelm | ||
| 260 | |a Montreal |b Institut d'Études Médiévales |c 1954 | ||
| 600 | 0 | |a Tomás de Aquino |d 1220-1274 |c Santo |9 255832 | |
| 650 | 0 | |a Escolasticismo |9 264998 | |
| 650 | 0 | |a Filosofía cristiana |9 265980 | |
| 650 | 0 | |a Teología |9 258766 | |
| 650 | 0 | |a Tomismo |9 259214 | |
| 650 | 7 | |a DOCTRINAS RELIGIOSAS |2 CL-VaPUC |9 337177 | |
| 583 | |a last modification |c 20150416 15:37:16 |k Rodrigo Vera | ||
| 490 | 0 | |a Université de Montréal: publications de l'institut d'études médiévales, 11 | |
| 999 | |c 241196 |d 241194 | ||
| 952 | |0 0 |1 0 |4 0 |6 189_400000000000000_CHE_1954 |7 0 |8 P |9 253385 |a BIBEDU |b BIBEDU |c BIBEDU_PB |d 2019-11-19 |i 1572121 |o 189.4 CHE 1954 |p 1572121 |r 2024-01-25 |w 2019-11-19 |y BK |k FIL | ||